[Event "Prva liga Centralne Srbije"]
[Site "Golubac"]
[Date "2008.09.23"]
[Round "6.1"]
[White "Ilincic, Zlatko"]
[Black "Misojcic, Miroslav"]
[Result "1-0"]
[WhiteElo "2519"]
[BlackElo "2221"]
[PlyCount "97"]
[EventDate "2008.09.20"]

1. d4 d5 2. c4 e6 3. Nf3 c5 4. cxd5 exd5 5. g3 Nf6 6. Bg2 Nc6 7. O-O Be7 8. Nc3
O-O 9. Bg5 b6 10. Ne5 Bb7 11. Nxc6 Bxc6 12. dxc5 bxc5 13. Rb1 Rb8 14. b3 Qa5
15. Qd2 Rfd8 16. Rfd1 d4 17. Nd5 Qxd2 18. Nxe7+ Kf8 19. Rxd2 Bxg2 20. Kxg2 Kxe7
21. Rc1 Rd5 22. h4 Ke6 23. e4 dxe3 24. Re2 Rb5 25. Bxe3 Kf5 26. Rc4 h5 27. Rec2
Nd7 28. Ra4 Rb7 29. Ra6 Rc7 30. Rc4 Nb6 31. Rf4+ Ke5 32. a4 Rd3 33. Rf3 Nd5 34.
Bc1 Ke4 35. Rxd3 Kxd3 36. Rd6 Ke4 37. Bb2 Ne7 38. f3+ Ke3 39. Bxg7 Nf5 40. Bh6+
Ke2 41. Rd2+ Ke1 42. Bf4 Rc6 43. Rd5 Nd4 44. b4 Ne6 45. bxc5 Nxc5 46. Be3 Nxa4
47. Bxa7 Rc2+ 48. Kh3 Ke2 49. Rxh5 1-0

[Event "Prva liga Centralne Srbije"]
[Site "Golubac"]
[Date "2008.09.23"]
[Round "6.1"]
[White "Pantelic, Sasa"]
[Black "Stojanovic, Dalibor"]
[Result "0-1"]
[WhiteElo "2267"]
[BlackElo "2450"]
[PlyCount "61"]
[EventDate "2008.09.20"]

1. d4 Nf6 2. Bg5 c5 3. Bxf6 gxf6 4. d5 Qb6 5. Qc1 Bg7 6. c3 d6 7. Na3 f5 8. Nc4
Qd8 9. a4 O-O 10. g3 Nd7 11. Bg2 Nf6 12. Nh3 e6 13. Qf4 e5 14. Qg5 h6 15. Qc1
Kh8 16. Qc2 Rg8 17. f4 e4 18. Ne3 Bd7 19. Nf2 h5 20. Nh3 Bh6 21. O-O Ng4 22.
Nxg4 hxg4 23. Nf2 Rg6 24. Nd1 Bg7 25. Ne3 Rh6 26. Rf2 Bf6 27. Bf1 Kg7 28. Bg2
Qe7 29. Nxf5+ Bxf5 30. Bxe4 Bxe4 31. Qxe4 0-1

[Event "Prva liga Centralne Srbije"]
[Site "Golubac"]
[Date "2008.09.23"]
[Round "6.1"]
[White "Milanovic, Danilo"]
[Black "Urosevic, Zoran"]
[Result "1-0"]
[WhiteElo "2529"]
[BlackElo "2294"]
[PlyCount "157"]
[EventDate "2008.09.20"]

1. d4 Nf6 2. c4 c5 3. d5 e5 4. Nc3 d6 5. g3 Nbd7 6. Bg2 Be7 7. e4 Nf8 8. h4 a6
9. a4 b6 10. Bd2 a5 11. h5 h6 12. f4 Ba6 13. Qe2 N6d7 14. Nf3 Bf6 15. O-O-O Nh7
16. b3 Qe7 17. Qf2 Kd8 18. Nh4 Bxh4 19. Rxh4 Nhf6 20. Re1 Kc7 21. Kc2 Raf8 22.
Bh3 Kb8 23. Bf5 Rhg8 24. Rhh1 Bc8 25. Qh2 Re8 26. Nb5 Ba6 27. Nc3 Bc8 28. Rhf1
Ba6 29. Qh4 Kc7 30. Bc1 Kb8 31. Qh3 Kc7 32. Bb2 Qd8 33. Nd1 Re7 34. Nf2 Qe8 35.
Qh1 Bc8 36. Nd3 Qd8 37. Bc3 Rge8 38. Rf2 Kb8 39. Rd2 Nf8 40. fxe5 dxe5 41. Rf1
Bxf5 42. Rxf5 Qd6 43. Rdf2 N8d7 44. Qh4 Kb7 45. Bd2 Rh8 46. Nc1 Qb8 47. Ne2 Qf8
48. Nc3 Ne8 49. Nb5 f6 50. Qg4 Qg8 51. Bc3 Nb8 52. Qg6 Qh7 53. Qg4 Qg8 54. Qg6
Qh7 55. Qg4 Qg8 56. R5f3 Rd7 57. Qg6 Qh7 58. Qg4 Qg8 59. Qf5 Nd6 60. Nxd6+ Rxd6
61. Bxe5 fxe5 62. Qxe5 Rd7 63. Qf5 Qd8 64. e5 Re8 65. Qe4 Ka7 66. Rf7 Ree7 67.
e6 Rb7 68. Qe5 Rxf7 69. Rxf7 Rxf7 70. exf7 Nd7 71. Qe8 Qc7 72. Qe7 Qc8 73. Kd2
Kb7 74. f8=Q Qxf8 75. Qxd7+ Kb8 76. Ke3 Qf6 77. Qe8+ Ka7 78. Qd7+ Kb8 79. Qe6
1-0

[Event "Prva liga Centralne Srbije"]
[Site "Golubac"]
[Date "2008.09.23"]
[Round "6.1"]
[White "Misic, Dragan"]
[Black "Pap, Misa"]
[Result "0-1"]
[WhiteElo "2204"]
[BlackElo "2495"]
[PlyCount "72"]
[EventDate "2008.09.20"]

1. Nf3 c5 2. c4 Nf6 3. Nc3 b6 4. g3 Bb7 5. Bg2 e6 6. O-O d6 7. d3 Be7 8. Bg5
O-O 9. e4 Nbd7 10. h3 a6 11. Qe2 Qc7 12. Rfe1 Rfe8 13. Rab1 Bc6 14. Qc2 Rac8
15. b3 b5 16. Nh2 b4 17. Ne2 Qb7 18. Ng4 a5 19. Nxf6+ Nxf6 20. Kh2 Ng4+ 21.
hxg4 Bxg5 22. d4 Bf6 23. d5 exd5 24. exd5 Bd7 25. Be4 g6 26. f3 a4 27. Nf4 axb3
28. axb3 Ra8 29. Kg2 Kg7 30. Rh1 Qa7 31. Qd3 Qa2+ 32. Ne2 Rxe4 33. fxe4 Bxg4
34. Rhe1 Bc3 35. Kf1 Bxe1 36. Rxe1 Qb2 0-1

[Event "Prva liga Centralne Srbije"]
[Site "Golubac"]
[Date "2008.09.23"]
[Round "6.1"]
[White "Nikolic, Zivoslav"]
[Black "Lazic, Zeljko"]
[Result "1-0"]
[WhiteElo "2413"]
[BlackElo "2207"]
[PlyCount "70"]
[EventDate "2008.09.20"]

1. d4 g6 2. e4 Bg7 3. Nc3 d6 4. Be3 Nf6 5. f3 O-O 6. Qd2 e5 7. d5 c5 8. g4 a6
9. a4 Qa5 10. h3 Nbd7 11. Ra2 Qc7 12. b3 Re8 13. Nge2 Nf8 14. Ng3 Bd7 15. h4 b5
16. axb5 axb5 17. Rxa8 Rxa8 18. Bxb5 Ra1+ 19. Kf2 Rxh1 20. Nxh1 Bxg4 21. fxg4
Nxg4+ 22. Kg2 h5 23. Be2 f5 24. Bg5 f4 25. Bxg4 hxg4 26. Nf2 Qd7 27. Qd1 g3 28.
Nh3 Nh7 29. Ng1 Bf6 30. Nf3 Qg4 31. Bxf6 Nxf6 32. Qh1 Qc8 33. Qh3 Ng4 34. Kg1
c4 35. b4 Qd7 1-0

[Event "Prva liga Centralne Srbije"]
[Site "Golubac"]
[Date "2008.09.23"]
[Round "6.1"]
[White "Tomic, Miroslav Lj"]
[Black "Jovanovic, Drasko"]
[Result "0-1"]
[WhiteElo "2192"]
[BlackElo "2262"]
[PlyCount "84"]
[EventDate "2008.09.20"]

1. d4 Nf6 2. Nf3 g6 3. g3 Bg7 4. Bg2 O-O 5. O-O d6 6. c4 c5 7. Nc3 Nc6 8. h3
cxd4 9. Nxd4 Nxd4 10. Qxd4 Be6 11. Qd3 Qc8 12. b3 Bxh3 13. Rb1 Bxg2 14. Kxg2
Qc6+ 15. f3 Rfe8 16. e4 a6 17. Rf2 Nd7 18. Bb2 Rab8 19. Rc2 Nc5 20. Qe3 Ne6 21.
Nd5 Qc5 22. Bxg7 Qxe3 23. Nxe3 Kxg7 24. Rh1 h5 25. f4 Rec8 26. Kf3 b5 27. g4
hxg4+ 28. Kxg4 bxc4 29. bxc4 Nc5 30. Kf3 Rh8 31. Rch2 Rxh2 32. Rxh2 a5 33. Nd5
e6 34. Nc3 Rb4 35. Nb5 Rxc4 36. Nxd6 Rc3+ 37. Kg2 Nd3 38. f5 Nf4+ 39. Kf1 exf5
40. exf5 a4 41. f6+ Kg8 42. Rd2 Rf3+ 0-1

[Event "Prva liga Centralne Srbije"]
[Site "Golubac"]
[Date "2008.09.23"]
[Round "6.2"]
[White "Georgiev, Krum"]
[Black "Bojkov, Dejan"]
[Result "1/2-1/2"]
[WhiteElo "2446"]
[BlackElo "2498"]
[PlyCount "22"]
[EventDate "2008.09.20"]

1. e4 e5 2. Nf3 Nf6 3. Nxe5 d6 4. Nf3 Nxe4 5. Qe2 Qe7 6. d3 Nf6 7. Bg5 Qxe2+ 8.
Bxe2 Be7 9. Nc3 c6 10. O-O h6 11. Bh4 Nbd7 1/2-1/2

[Event "Prva liga Centralne Srbije"]
[Site "Golubac"]
[Date "2008.09.23"]
[Round "6.2"]
[White "Ristic, Nenad"]
[Black "Misailovic, Nebojsa"]
[Result "1/2-1/2"]
[WhiteElo "2421"]
[BlackElo "2297"]
[PlyCount "39"]
[EventDate "2008.09.20"]

1. e4 d6 2. d4 Nf6 3. Nc3 Nbd7 4. Nf3 e5 5. Bc4 Be7 6. O-O O-O 7. Re1 c6 8. a4
h6 9. a5 Re8 10. h3 Qc7 11. Nh4 Nf8 12. dxe5 dxe5 13. Nf5 Bb4 14. Qf3 Be6 15.
Bxe6 Rxe6 16. a6 b5 17. h4 Kh7 18. Bd2 Bc5 19. Kh1 Ng8 20. h5 1/2-1/2

[Event "Prva liga Centralne Srbije"]
[Site "Golubac"]
[Date "2008.09.23"]
[Round "6.2"]
[White "Djokic, Nenad"]
[Black "Marinkovic, Zoran"]
[Result "1/2-1/2"]
[WhiteElo "2336"]
[BlackElo "2269"]
[PlyCount "35"]
[EventDate "2008.09.20"]

1. d4 Nf6 2. Nf3 b5 3. Bg5 Bb7 4. Nbd2 d6 5. Bxf6 exf6 6. e4 a6 7. a4 b4 8. Bd3
Be7 9. O-O O-O 10. Re1 Nd7 11. Nc4 Ra7 12. Ne3 Re8 13. d5 Bf8 14. Nd4 Ne5 15.
Bf1 c5 16. Nb3 Bc8 17. g3 Rae7 18. Bg2 1/2-1/2

[Event "Prva liga Centralne Srbije"]
[Site "Golubac"]
[Date "2008.09.23"]
[Round "6.2"]
[White "Stankovic, Milos"]
[Black "Stankovic, Dragan P"]
[Result "1/2-1/2"]
[WhiteElo "2155"]
[BlackElo "2344"]
[PlyCount "66"]
[EventDate "2008.09.20"]

1. e4 c5 2. Nf3 e6 3. d4 cxd4 4. Nxd4 Nf6 5. Nc3 Nc6 6. Ndb5 d6 7. Bf4 e5 8.
Bg5 a6 9. Na3 b5 10. Nd5 Be7 11. Nxe7 Nxe7 12. Bxf6 gxf6 13. Bd3 Bb7 14. c4
bxc4 15. Nxc4 d5 16. exd5 Qxd5 17. Nd6+ Kf8 18. Be4 Qa5+ 19. Qd2 Qxd2+ 20. Kxd2
Rd8 21. Bxb7 Rxd6+ 22. Kc2 Nf5 23. Rac1 Kg7 24. Rhd1 Nd4+ 25. Kb1 Rb8 26. Be4
f5 27. Bd3 e4 28. Bxa6 f4 29. g3 f3 30. Rc7 Rxa6 31. Rxd4 Re8 32. Rc3 Rh6 33.
h4 Rg6 1/2-1/2

[Event "Prva liga Centralne Srbije"]
[Site "Golubac"]
[Date "2008.09.23"]
[Round "6.2"]
[White "Djoric, Dusan"]
[Black "Minic, Miroslav"]
[Result "1/2-1/2"]
[WhiteElo "2305"]
[BlackElo "2065"]
[PlyCount "27"]
[EventDate "2008.09.20"]

1. e4 e5 2. Nf3 Nf6 3. Nxe5 d6 4. Nc4 Nxe4 5. Qe2 Qe7 6. Nc3 Nxc3 7. Qxe7+ Bxe7
8. dxc3 Bf5 9. Bd3 Bxd3 10. cxd3 Nd7 11. d4 O-O 12. O-O d5 13. Ne3 c6 14. Nf5
1/2-1/2

[Event "Prva liga Centralne Srbije"]
[Site "Golubac"]
[Date "2008.09.23"]
[Round "6.3"]
[White "Kojovic, Dragan"]
[Black "Spasov, Vasil"]
[Result "0-1"]
[WhiteElo "2414"]
[BlackElo "2589"]
[PlyCount "108"]
[EventDate "2008.09.20"]

1. e4 c5 2. Nf3 Nc6 3. d4 cxd4 4. Nxd4 Nf6 5. Nc3 e5 6. Ndb5 d6 7. Bg5 a6 8.
Na3 b5 9. Nd5 Be7 10. Bxf6 Bxf6 11. c3 Bb7 12. Nc2 Nb8 13. a4 bxa4 14. Rxa4 Nd7
15. Nce3 O-O 16. b4 Bg5 17. Bd3 a5 18. O-O Bc6 19. Ra1 axb4 20. cxb4 Nf6 21.
Qc2 Bxd5 22. Nxd5 Nxd5 23. exd5 Rc8 24. Qb1 g6 25. Ra6 Rb8 26. b5 Rb6 27. Qb4
Qb8 28. Rfa1 Bd8 29. Ra8 Qc7 30. Qc4 Qxc4 31. Bxc4 Rb7 32. Rc8 Bc7 33. Rxf8+
Kxf8 34. Ra6 Bb6 35. Kf1 Ke7 36. Bd3 h5 37. Ke2 Rb8 38. f3 f5 39. Kd2 Bg1 40.
h3 Bb6 41. Kc3 Kf6 42. Kb4 Bc5+ 43. Kc4 Kg5 44. Rc6 Kf4 45. Bf1 e4 46. fxe4
fxe4 47. Be2 Ke3 48. Bd1 Kd2 49. Rxc5 dxc5 50. Bf3 exf3 51. gxf3 Ke3 52. d6 Kf4
53. Kxc5 Ke5 54. Kc6 Rd8 0-1

[Event "Prva liga Centralne Srbije"]
[Site "Golubac"]
[Date "2008.09.23"]
[Round "6.3"]
[White "Vojinovic, Goran"]
[Black "Solomunovic, Igor"]
[Result "1-0"]
[WhiteElo "2468"]
[BlackElo "2397"]
[PlyCount "147"]
[EventDate "2008.09.20"]

1. Nf3 Nf6 2. g3 d5 3. Bg2 c6 4. O-O Bf5 5. d3 h6 6. c4 e6 7. Be3 dxc4 8. dxc4
Qxd1 9. Rxd1 Nbd7 10. Nc3 Be7 11. Nd4 Bg6 12. Nb3 O-O 13. Na5 Rab8 14. a3 Bd8
15. b4 Bxa5 16. bxa5 c5 17. h3 a6 18. Rd6 Ne5 19. Bxc5 Nxc4 20. Rd4 Nxa5 21.
Bxf8 Nb3 22. Bd6 Rc8 23. Be5 Nxa1 24. Bxb7 Rc5 25. Rd8+ Kh7 26. Bd4 Rc7 27.
Bxa6 Nc2 28. Nb5 Rc6 29. Bb7 Nxd4 30. Rxd4 Rb6 31. Nd6 Nd5 32. e4 Nc3 33. Rd3
Rb3 34. Re3 Rxa3 35. Kg2 Nb1 36. Rxa3 Nxa3 37. f4 Nc2 38. Kf2 Kg8 39. f5 exf5
40. exf5 Bh7 41. Be4 Nb4 42. Ke3 Na6 43. Bd3 Nc5 44. Bb5 Kf8 45. Kd4 Nb3+ 46.
Kc3 Ke7 47. Nb7 Bxf5 48. Kxb3 Bxh3 49. Kc3 g5 50. Be2 Be6 51. Nc5 Bc8 52. Kd4
Kf6 53. Ne4+ Kg6 54. Nd6 Bd7 55. Bd3+ Kf6 56. Ne4+ Kg7 57. Ke5 h5 58. Nf6 Be6
59. Nxh5+ Kh6 60. Nf6 Ba2 61. Ne8 Kh5 62. Be2+ Kg6 63. Bd3+ Kh5 64. Bf5 Bb3 65.
Kf6 Ba2 66. Nd6 g4 67. Ne8 Bc4 68. Ng7+ Kh6 69. Bxg4 Kh7 70. Bd1 Kg8 71. g4 Kf8
72. g5 Kg8 73. Bh5 Bb3 74. Nf5 1-0

[Event "Prva liga Centralne Srbije"]
[Site "Golubac"]
[Date "2008.09.23"]
[Round "6.3"]
[White "Colovic, Dusan"]
[Black "Milosevic, Aleksandar"]
[Result "1-0"]
[WhiteElo "2376"]
[BlackElo "2304"]
[PlyCount "116"]
[EventDate "2008.09.20"]

1. d4 c5 2. d5 e5 3. e4 d6 4. Nc3 a6 5. a4 Be7 6. f4 exf4 7. Bxf4 Bh4+ 8. g3
Bf6 9. Bh3 Bxh3 10. Nxh3 Qe7 11. O-O Nd7 12. Qe2 Bd4+ 13. Kg2 Ngf6 14. Rae1 O-O
15. Nd1 Rfe8 16. c3 Be5 17. Bg5 Qf8 18. Nhf2 h6 19. Bd2 Rab8 20. Ne3 b5 21.
axb5 axb5 22. Nf5 Kh7 23. Nd3 Ng8 24. Qg4 Rb7 25. Nh4 Bf6 26. Nf3 Ne7 27. Nf4
g6 28. Qh3 Qg7 29. Nd3 g5 30. Qh5 Qg6 31. Qg4 Rg8 32. Ng1 Nxd5 33. Nxc5 Ne3+
34. Bxe3 dxc5 35. Qf5 Qxf5 36. Rxf5 Rc8 37. Nf3 Kg6 38. g4 Bg7 39. h4 Nf6 40.
Ne5+ Kh7 41. hxg5 Nxe4 42. gxh6 Bxe5 43. Rxe5 Nd6 44. Rxc5 Rxc5 45. Bxc5 Nc4
46. b3 Nd2 47. b4 Nc4 48. g5 Rd7 49. Bd4 Rd5 50. Bf6 Nd6 51. Re7 Kg6 52. Ra7
Rd2+ 53. Kh3 Rd5 54. Ra8 Rf5 55. Kg4 Ne4 56. Rg8+ Kh7 57. Rg7+ Kh8 58. Rxf7+
Kg8 1-0

[Event "Prva liga Centralne Srbije"]
[Site "Golubac"]
[Date "2008.09.23"]
[Round "6.3"]
[White "Jevtic, Sasa"]
[Black "Rabrenovic, Vladan"]
[Result "0-1"]
[WhiteElo "2206"]
[BlackElo "2357"]
[PlyCount "88"]
[EventDate "2008.09.20"]

1. d4 Nf6 2. c4 g6 3. Nc3 d5 4. Nf3 Bg7 5. Bg5 Ne4 6. cxd5 Nxg5 7. Nxg5 e6 8.
Nf3 exd5 9. e3 a5 10. Be2 c6 11. O-O O-O 12. Na4 Nd7 13. Rc1 Re8 14. a3 Bf8 15.
Nc5 Bxc5 16. dxc5 a4 17. Rc3 Ra5 18. Qc2 Nf6 19. Bd3 Ne4 20. Bxe4 dxe4 21. Nd4
Qg5 22. f4 exf3 23. Rxf3 Qd5 24. Rf6 Kg7 25. Qf2 Re7 26. Rd6 Qe5 27. Nf3 Qe4
28. Nd2 Qf5 29. Qh4 Re5 30. Qd4 f6 31. e4 Qg4 32. Rf3 Be6 33. Rd8 Raxc5 34. Qd6
Rc1+ 35. Nf1 Kh6 36. Qf8+ Kh5 37. Qxf6 Qg5 38. Qh8 h6 39. h3 Rxe4 40. Kh2 Rxf1
41. Rxf1 Re2 42. Rg1 Bxh3 43. Rdd1 Rxg2+ 44. Kh1 Qg3 0-1

[Event "Prva liga Centralne Srbije"]
[Site "Golubac"]
[Date "2008.09.23"]
[Round "6.3"]
[White "Irizanin, Radoje"]
[Black "Stefanovic, Vladimir"]
[Result "1-0"]
[WhiteElo "2339"]
[BlackElo "2158"]
[PlyCount "63"]
[EventDate "2008.09.20"]

1. e4 c5 2. Nf3 Nc6 3. d4 cxd4 4. Nxd4 g6 5. Nc3 Bg7 6. Be3 Nf6 7. Bc4 O-O 8.
Bb3 d6 9. h3 Bd7 10. O-O Rc8 11. f4 Qa5 12. Nf3 Rfd8 13. Qd2 e6 14. Rad1 Be8
15. Ng5 d5 16. f5 exf5 17. exd5 Nb4 18. d6 h6 19. Nf3 Bf8 20. Qf2 Rxd6 21. Bxa7
Nbd5 22. Nxd5 Nxd5 23. Bd4 Nf6 24. c3 Ne4 25. Qe3 Ba4 26. Ne5 Bxb3 27. axb3 Re6
28. Nd7 Qb5 29. Nxf8 Rxf8 30. Qxh6 Nf6 31. Rf4 Qe2 32. Rh4 1-0

[Event "Prva liga Centralne Srbije"]
[Site "Golubac"]
[Date "2008.09.23"]
[Round "6.3"]
[White "Nesic, Nebojsa"]
[Black "Mirkovic, Stevan"]
[Result "0-1"]
[WhiteElo "2132"]
[BlackElo "2211"]
[PlyCount "62"]
[EventDate "2008.09.20"]

1. d4 Nf6 2. c4 e6 3. Nc3 Bb4 4. e3 c5 5. Bd3 O-O 6. Nf3 d5 7. O-O dxc4 8. Bxc4
cxd4 9. exd4 b6 10. Bg5 Bb7 11. Qe2 Bxc3 12. bxc3 Nbd7 13. Bd3 Qc7 14. Rac1 Ng4
15. Be4 Bxe4 16. Qxe4 Ngf6 17. Qe2 Rac8 18. c4 h6 19. Bd2 Rfe8 20. Ne5 Nxe5 21.
dxe5 Nd7 22. Rfe1 Red8 23. Bf4 Nf8 24. h4 Rd4 25. Qe3 Rxc4 26. Qg3 Ng6 27. Bxh6
gxh6 28. Rxc4 Qxc4 29. h5 Qb4 30. Rd1 Rc3 31. f3 Qh4 0-1

[Event "Prva liga Centralne Srbije"]
[Site "Golubac"]
[Date "2008.09.23"]
[Round "6.4"]
[White "Dimitrov, Vladimir"]
[Black "Petrov, Marijan"]
[Result "1/2-1/2"]
[WhiteElo "2450"]
[BlackElo "2490"]
[PlyCount "20"]
[EventDate "2008.09.20"]

1. d4 d5 2. Nf3 Nf6 3. c4 e6 4. Nc3 Be7 5. Bg5 O-O 6. e3 b6 7. Rc1 Bb7 8. Bxf6
Bxf6 9. cxd5 exd5 10. Bd3 c6 1/2-1/2

[Event "Prva liga Centralne Srbije"]
[Site "Golubac"]
[Date "2008.09.23"]
[Round "6.4"]
[White "Nikolic, Stanimir"]
[Black "Ljubisavljevic, Zivojin Z"]
[Result "1-0"]
[WhiteElo "2291"]
[BlackElo "2261"]
[PlyCount "32"]
[EventDate "2008.09.20"]

1. d4 Nf6 2. Nf3 e6 3. c4 c5 4. d5 b5 5. dxe6 fxe6 6. cxb5 d5 7. e3 Bd6 8. Nc3
O-O 9. Bd3 Bb7 10. Qc2 c4 11. Be2 e5 12. e4 Nbd7 13. exd5 Rc8 14. Ng5 Qe7 15.
O-O h6 16. Nge4 g6 {necitko} 1-0

[Event "Prva liga Centralne Srbije"]
[Site "Golubac"]
[Date "2008.09.23"]
[Round "6.4"]
[White "Tosic, Nebojsa"]
[Black "Jakovljevic, Zivota"]
[Result "0-1"]
[WhiteElo "2210"]
[BlackElo "2124"]
[PlyCount "80"]
[EventDate "2008.09.20"]

1. e4 e6 2. d4 d5 3. Nd2 Nf6 4. e5 Nfd7 5. Bd3 c5 6. c3 Nc6 7. Ne2 a6 8. O-O
Be7 9. Nf3 b5 10. Nf4 g6 11. g3 Qb6 12. Be3 c4 13. Be2 Qc7 14. h4 Nb6 15. Nh3
Bd7 16. Bf4 a5 17. Ne1 b4 18. Ng2 a4 19. Ne3 h5 20. a3 bxc3 21. bxc3 Na5 22.
Bf3 Bc6 23. Bg5 Nb3 24. Ra2 O-O-O 25. Ng2 Bxg5 26. Nxg5 Qe7 27. Nf4 Rdg8 28.
Bg2 Na8 29. Qf3 Nc7 30. Ne2 Rf8 31. Nf4 Rd8 32. Qe2 Be8 33. Re1 Nb5 34. Qb2 Bc6
35. Re3 Rdf8 36. Re1 Kb7 37. Re3 Rb8 38. Rf3 Kc8 39. Re3 Be8 40. Rf3 Nc7 0-1

[Event "Prva liga Centralne Srbije"]
[Site "Golubac"]
[Date "2008.09.23"]
[Round "6.4"]
[White "Klcesko, Nebojsa"]
[Black "Rajkovic, Aleksandar"]
[Result "1/2-1/2"]
[WhiteElo "1949"]
[BlackElo "2139"]
[PlyCount "107"]
[EventDate "2008.09.20"]

1. e4 e5 2. Nf3 Nc6 3. Bc4 Be7 4. d4 d6 5. dxe5 Nxe5 6. Nxe5 dxe5 7. Qxd8+ Bxd8
8. O-O Nf6 9. Nc3 c6 10. a4 Bc7 11. h3 Ke7 12. Bg5 Be6 13. Bxe6 Kxe6 14. Rfd1
Rhd8 15. Bxf6 Kxf6 16. Ne2 Ke6 17. c3 g6 18. g4 a6 19. Ng3 Rxd1+ 20. Rxd1 b5
21. Ra1 Rd8 22. axb5 axb5 23. Nf1 Rd3 24. Kg2 b4 25. cxb4 Rb3 26. Rc1 Kd7 27.
Rc2 Rxb4 28. Nd2 Bb6 29. b3 Bd4 30. Kf3 Rb7 31. Rc4 c5 32. Ke2 Rb6 33. f3 Ke6
34. Kd3 f5 35. Ra4 fxg4 36. hxg4 Kf6 37. Ra8 h5 38. gxh5 gxh5 39. Rg8 Rb7 40.
Rg2 h4 41. Rh2 Rh7 42. f4 exf4 43. Nf3 h3 44. b4 Be3 45. b5 c4+ 46. Kxc4 Rh5
47. Kd3 Ke6 48. Kc4 Kd6 49. Kb4 Bb6 50. Kc4 Rc5+ 51. Kd3 Rh5 52. Kc4 Rc5+ 53.
Kd3 Rh5 54. Kc4 1/2-1/2

[Event "Prva liga Centralne Srbije"]
[Site "Golubac"]
[Date "2008.09.23"]
[Round "6.5"]
[White "Petkov, Vladimir"]
[Black "Pavlovic, Dejan S"]
[Result "1-0"]
[WhiteElo "2423"]
[BlackElo "2385"]
[PlyCount "79"]
[EventDate "2008.09.20"]

1. d4 d5 2. c4 c6 3. Nf3 Nf6 4. Nc3 e6 5. e3 Nbd7 6. Bd3 dxc4 7. Bxc4 b5 8. Bd3
Bd6 9. O-O O-O 10. Ng5 h6 11. Nge4 Be7 12. Bd2 Bb7 13. Rc1 a6 14. Nxf6+ Nxf6
15. Ne4 e5 16. Bc3 Nxe4 17. Bxe4 b4 18. Be1 exd4 19. exd4 Qb6 20. f3 f5 21. Bb1
Kh8 22. Bf2 Rad8 23. Qe2 Bd6 24. Rfe1 Qc7 25. h3 Qf7 26. Qe6 Qh5 27. h4 Rf6 28.
Qe2 Bc8 29. Bd3 a5 30. Bc4 Bd7 31. d5 c5 32. Bb5 Rf7 33. Bxd7 Rfxd7 34. Rcd1
Bf4 35. Qc4 Bd6 36. Re6 f4 37. Qe4 a4 38. b3 axb3 39. axb3 Qf7 40. Kh2 1-0

[Event "Prva liga Centralne Srbije"]
[Site "Golubac"]
[Date "2008.09.23"]
[Round "6.5"]
[White "Todorovic, Bojan"]
[Black "Radivojevic, Ivan"]
[Result "1-0"]
[WhiteElo "2277"]
[BlackElo "2366"]
[PlyCount "75"]
[EventDate "2008.09.20"]

1. e4 c6 2. d4 d5 3. e5 Bf5 4. Nf3 e6 5. Be2 Qb6 6. O-O Nd7 7. Nbd2 Ne7 8. c4
Bg4 9. b3 Nf5 10. h3 Bxf3 11. Nxf3 Be7 12. g4 Nh4 13. Nxh4 Bxh4 14. Be3 f6 15.
f4 g6 16. Qd2 f5 17. gxf5 gxf5 18. c5 Qd8 19. Bh5+ Ke7 20. Kh2 Rg8 21. Rg1 Rxg1
22. Rxg1 Qh8 23. Bf2 Bxf2 24. Qxf2 Kd8 25. Qh4+ Kc7 26. Qe7 Rd8 27. Qd6+ Kc8
28. Bf7 Nf8 29. Bxe6+ Nxe6 30. Qxe6+ Kb8 31. Qxf5 h5 32. Qg6 a5 33. Qg7 Qe8 34.
Qh7 Ka8 35. Rg7 Rb8 36. f5 a4 37. b4 Qd8 38. f6 1-0

[Event "Prva liga Centralne Srbije"]
[Site "Golubac"]
[Date "2008.09.23"]
[Round "6.5"]
[White "Zivkovic, Ivan B"]
[Black "Trickovic, Borivoje"]
[Result "1-0"]
[WhiteElo "2308"]
[BlackElo "2266"]
[PlyCount "113"]
[EventDate "2008.09.20"]

1. e4 Nf6 2. e5 Nd5 3. d4 d6 4. Nf3 Bg4 5. Be2 e6 6. O-O Bxf3 7. Bxf3 c6 8. b3
dxe5 9. dxe5 Nd7 10. Qe2 Qc7 11. Bb2 Nf4 12. Qe4 g5 13. Nd2 Bg7 14. Nc4 O-O 15.
Rad1 f5 16. exf6 Nxf6 17. Bxf6 Rxf6 18. Ne5 Rff8 19. Nd3 Rae8 20. Nxf4 Rxf4 21.
Qe3 g4 22. Be2 Qe5 23. Qxe5 Bxe5 24. Rd7 h5 25. Bd3 Ref8 26. g3 R4f6 27. Bh7+
Kh8 28. Be4 Kg8 29. Kg2 R8f7 30. Rd8+ Rf8 31. Rd3 Kg7 32. f4 gxf3+ 33. Bxf3 h4
34. Re1 Bc7 35. Re4 hxg3 36. Rg4+ Kh6 37. hxg3 Rd8 38. Rxd8 Bxd8 39. Rg8 Bc7
40. Be4 Be5 41. Kh3 Rf5 42. Bxf5 exf5 43. Kg2 a5 44. Re8 Bd4 45. Re7 b6 46.
Re6+ Kg5 47. Rxc6 f4 48. Rd6 Bc5 49. Rd5+ Kg4 50. gxf4 Kxf4 51. Kf1 Ke4 52. Rd3
Bd4 53. Ke2 Bc5 54. c3 Bg1 55. Kd2 Bf2 56. Kc2 Bc5 57. Rd7 1-0

[Event "Prva liga Centralne Srbije"]
[Site "Golubac"]
[Date "2008.09.23"]
[Round "6.6"]
[White "Panic, Nenad"]
[Black "Adzic, Momcilo"]
[Result "1/2-1/2"]
[WhiteElo "2360"]
[BlackElo "2244"]
[PlyCount "111"]
[EventDate "2008.09.20"]

1. Nf3 Nf6 2. d4 e6 3. Bf4 c5 4. e3 cxd4 5. exd4 d6 6. Bd3 Be7 7. O-O O-O 8.
Re1 b6 9. Nbd2 Bb7 10. c4 Nbd7 11. Ng5 Re8 12. Qc2 Nf8 13. b4 h6 14. Ngf3 Rc8
15. Be3 Ng4 16. a4 Nd7 17. a5 Nxe3 18. fxe3 Qc7 19. Qb3 Nf6 20. e4 Nh7 21. d5
Bf6 22. a6 Ba8 23. Rab1 b5 24. cxb5 Qb6+ 25. Kf1 Rc3 26. Nc4 Qc7 27. Qd1 Rxc4
28. Bxc4 Qxc4+ 29. Qe2 exd5 30. Qxc4 dxc4 31. Rbc1 Rc8 32. e5 dxe5 33. Nxe5 Bd5
34. Red1 Be6 35. Nc6 Ra8 36. Nd4 Bg4 37. Nf3 c3 38. Rd6 Bf5 39. Kf2 c2 40. Nd4
Bg5 41. Rxc2 Bxc2 42. Nxc2 Nf8 43. b6 axb6 44. Rxb6 Nd7 45. Rd6 Ra7 46. b5 Be7
47. Rc6 Bc5+ 48. Ke2 Kf8 49. Ne3 Bxe3 50. Kxe3 Ke7 51. Kd4 Ra8 52. Kc3 Kd8 53.
Kb4 Rc8 54. Ka5 Ne5 55. Rd6+ Kc7 56. Rd5 1/2-1/2

[Event "Prva liga Centralne Srbije"]
[Site "Golubac"]
[Date "2008.09.23"]
[Round "6.6"]
[White "Stojanovic, Andjelija"]
[Black "Rajevic, Gavrilo"]
[Result "1/2-1/2"]
[WhiteElo "2359"]
[BlackElo "2282"]
[PlyCount "93"]
[EventDate "2008.09.20"]

1. d4 Nf6 2. Bg5 Ne4 3. Bf4 c5 4. f3 Qa5+ 5. c3 Nf6 6. Nd2 cxd4 7. Nb3 Qb6 8.
Qxd4 Qxd4 9. cxd4 d5 10. e3 Nc6 11. h4 e6 12. g4 Bd7 13. a3 Be7 14. Bd3 O-O 15.
h5 Rfc8 16. Ne2 Be8 17. Kf2 a5 18. Nc3 a4 19. Nd2 Nd7 20. Bb5 Nb6 21. Rac1 Kf8
22. Bd3 h6 23. Nb5 Na5 24. Rxc8 Rxc8 25. Nd6 Bxd6 26. Bxd6+ Kg8 27. Bc5 Nbc4
28. Nxc4 Nxc4 29. Bxc4 dxc4 30. f4 Bc6 31. Rg1 f6 32. g5 fxg5 33. fxg5 hxg5 34.
Rxg5 Kf7 35. Bd6 Rh8 36. Be5 Rh7 37. Kg3 Be4 38. Kf4 Bd3 39. e4 b5 40. d5 exd5
41. exd5 Be2 42. d6 Ke6 43. Bxg7 Rxh5 44. Rg6+ Kf7 45. Be5 Rh7 46. Ke3 Bd3 47.
Rf6+ 1/2-1/2

[Event "Prva liga Centralne Srbije"]
[Site "Golubac"]
[Date "2008.09.23"]
[Round "6.6"]
[White "Markovic, Dejan M"]
[Black "Zivkovic, Momcilo"]
[Result "0-1"]
[WhiteElo "2339"]
[BlackElo "2147"]
[PlyCount "91"]
[EventDate "2008.09.20"]

1. d4 d5 2. Nf3 Nf6 3. g3 c6 4. Bg2 Bf5 5. O-O e6 6. b3 h6 7. Nbd2 Ne4 8. Bb2
Nd7 9. Nxe4 Bxe4 10. Nd2 Bxg2 11. Kxg2 h5 12. e4 h4 13. exd5 cxd5 14. c4 Qg5
15. Nf3 h3+ 16. Kg1 Qf5 17. Nd2 Nf6 18. Qf3 Qc2 19. Qc3 Qf5 20. c5 Be7 21. Rfe1
O-O 22. Rac1 Bd8 23. b4 Bc7 24. Qf3 Qg5 25. Re2 Rfe8 26. Rce1 Re7 27. Bc1 Qg6
28. a4 Rae8 29. Bb2 Qg5 30. Qe3 Qf5 31. f4 Qc2 32. Qb3 Qf5 33. Bc1 Kh8 34. Qb1
Qg4 35. Kh1 Rg8 36. Qd3 Ree8 37. Rf2 g6 38. Qc3 a6 39. b5 axb5 40. axb5 Ra8 41.
b6 Bb8 42. Bb2 Kh7 43. Rg1 Qf5 44. Qf3 Ng4 45. Re2 Rh8 46. Rf1 {necitko} 0-1